000 00492nam a2200169Ia 4500
005 20250424120220.0
008 250424s9999 xx 000 0 und d
022 _a15314065
050 _aHV 5804. A47 A456/
245 0 _aAfrican journal of drug and alcohol studies.
260 _aSouth africa
260 _bDaily Beast Company
260 _c2016
300 _avi, 1-133 p. : ill. ; 18 cm.
650 _aDrug abuse--Africa--Periodicals. Alcoholism--Africa--Periodicals.
942 _cSR
999 _c38045
_d38045